|
|
|
|
| LEADER |
00912nam a2200229 a 4500 |
| 001 |
11952081 |
| 008 |
101025s2000 enka b 001 0 eng d |
| 010 |
|
|
|a 00037377
|
| 020 |
|
|
|a 1852332484 (alk. paper)
|
| 040 |
|
|
|a DLC
|c DLC
|d DLC
|d BD-DhAAL
|
| 082 |
0 |
0 |
|a 006.7
|2 21
|
| 100 |
1 |
|
|a Morris, Tim,
|d 1960-
|
| 245 |
1 |
0 |
|a Multimedia systems :
|b delivering, generating, and interacting with multimedia /
|c Tim Morris.
|
| 260 |
|
|
|a London :
|b Springer,
|c c2000.
|
| 300 |
|
|
|a xi, 191 p. :
|b ill. ;
|c 23 cm.
|
| 490 |
0 |
|
|a Applied computing
|
| 504 |
|
|
|a Includes bibliographical references and index.
|
| 541 |
1 |
|
|e 00021435
|
| 650 |
|
0 |
|a Multimedia systems.
|
| 852 |
4 |
|
|a Ayesha Abed Library
|j General Shelf.
|
| 999 |
|
|
|c 9878
|d 9878
|
| 952 |
|
|
|0 0
|1 0
|2 ddc
|4 0
|6 006_700000000000000_MOR_2000
|7 0
|9 12724
|a BRACUL
|b BRACUL
|c GEN
|d 2010-10-25
|e Karim International
|g 5520.00
|l 1
|m 25
|o 006.7 MOR
|p 3010021435
|r 2016-08-11
|s 2016-02-08
|t 1
|w 2010-10-25
|y BK
|